World agriculture: towards 2015/2030: An FAO perspective
Đã lưu trong:
| Formáid: | Leabhar |
|---|---|
| Teanga: | Undetermined |
| Foilsithe: |
Rome, Italy
FAO
2003
|
| Ábhair: | |
| Clibeanna: |
Cuir Clib Leis
Gan Chlibeanna, Bí ar an gcéad duine leis an taifead seo a chlibeáil!
|
| Thư viện lưu trữ: | Trung tâm Học liệu Trường Đại học Cần Thơ |
|---|
| LEADER | 00488nam a2200169Ia 4500 | ||
|---|---|---|---|
| 001 | CTU_55823 | ||
| 008 | 210402s9999 xx 000 0 und d | ||
| 082 | |a 630.021 | ||
| 082 | |b W927 | ||
| 245 | 0 | |a World agriculture: towards 2015/2030: An FAO perspective | |
| 245 | 0 | |c Edited by Jelle Bruinsma | |
| 260 | |a Rome, Italy | ||
| 260 | |b FAO | ||
| 260 | |c 2003 | ||
| 650 | |a agriculture,agriculture | ||
| 650 | |x research,statistics | ||
| 980 | |a Trung tâm Học liệu Trường Đại học Cần Thơ | ||